000 00234nam a2200109Ia 4500
008 200302s9999 xx 000 0 und d
100 _aAnil Laul
245 _aGreen is Red
260 _bAshra India
260 _c2013
300 _a213 P.,
999 _c3288
_d3288